00389nam a2200145Ia 4500003000400000008004100004040001600045082002700061100002200088245005300110260002800163490000500191650001900196650002800215GCL140319s9999 xx 000 0 ara d aGCL / cGCL04aكاسيتb381bع ا1 aانور حسنى10aعزف على الكمان / cانور حسنى a[S.N] : bلا يوجد a04aالاغانى04aشرائط كاسيت